| Поле | Инд. | ПП | Название | Значение |
|---|---|---|---|---|
| Тип записи | a | |||
| Библиографический уровень | m | |||
| 001 | Контрольный номер | RU/IS/BASE/503075301 | ||
| 005 | Дата корректировки | 20230307114506.6 | ||
| 020 | a | ISBN | 978-5-9710-2120-9 | |
| 084 | a | Индекс другой классификации/Индекс ББК | 22.3г(2)6; 63.3(2)6-6; 63.3(2)6-7 | |
| 090 | a | Полочн. индекс | 22.3г(2)6 | |
| x | Авторский знак | Г 70 | ||
| 100 | 1_ | a | Автор | Горобец Б. С. |
| q | Полное имя | Горобец Борис Соломонович | ||
| 245 | 10 | a | Заглавие | Круг Ландау: Физика войны и мира |
| c | Ответственность | предисловие Б. А. Кушнера | ||
| 260 | a | Место издания | Москва | |
| b | Издательство | Либроком | ||
| c | Дата издания | 2015 | ||
| 300 | a | Объем | 272 с. | |
| 336 | a | Термин вида содержания | Текст | |
| 337 | a | Термин типа средства | непосредственный | |
| 504 | a | Библиография | Прил.: с. 208. - Лит.: с. 240.- Имен. указ.: с. 263 | |
| 505 | 0_ | a | Форматированное содержание | Л. Д. Ландау - ученый, учитель, человек |
| b | Автор | Лифшиц Е. М. | ||
| n | Доп. информация | Лекция | ||
| 541 | 1_ | a | Номер заявки | 5215 |
| b | Заявитель | Черепанова В.Г. | ||
| c | Факультет/Кафедра/Подразделение | Кафедра ядерной физики | ||
| d | Дата заявки | 27.11.2015 | ||
| n | Количество экземпляров | 2 | ||
| 600 | 14 | a | Персоналии | Ландау Лев Давидович |
| 650 | 04 | a | Основная рубрика | история |
| a | Основная рубрика | история науки | ||
| a | Основная рубрика | наука | ||
| a | Основная рубрика | физика | ||
| 653 | 0_ | a | Ключевые слова | XX век |
| a | Ключевые слова | Атомный проект СССР | ||
| a | Ключевые слова | единая теория поля | ||
| a | Ключевые слова | награды | ||
| a | Ключевые слова | научно-техническая разведка | ||
| a | Ключевые слова | научные исследования | ||
| a | Ключевые слова | научные открытия | ||
| a | Ключевые слова | научные теории | ||
| a | Ключевые слова | новейшее время | ||
| a | Ключевые слова | Россия | ||
| a | Ключевые слова | секретность | ||
| a | Ключевые слова | ядерная бомба | ||
| a | Ключевые слова | ядерная физика | ||
| 700 | 12 | a | Автор | Кушнер Б. А. |
| e | Роль лиц | автор предисловия | ||
| 720 | a | Наименование подборки | К юбилею А. Д. Сахарова | |
| e | Признак/вид подборки | Тематические подборки | ||
| 900 | a | Имя электронного ресурса | obl_Krug Landau | |
| x | Справочная информация | Обложка | ||
| 901 | t | Тип документа | m | |
| 952 | a | Тип литературы для КСУ ВШ | НАУ |